000 00830nam a22002057a 4500
005 20240530110628.0
008 170108s2015 ua g b 000 0 ara d
017 _a2014/25565
_bمصر. دار الكتب
040 _aEG-CaGPL
_cEG-CaGPL
082 0 4 _221
_a810.90358\
_bط ا
100 0 _aطلعت عبدالعزيز ابوالعزم
245 1 0 _aادب ما بعد الاستعمار:
_bونظريته النقدية /
_cطلعت عبد العزيز ابوالعزم
250 _aط.1
260 _aالقاهرة :
_bعين للدراسات و البحوث الانسانية و الاجتماعية ،
_c2015
300 _a118 ص؛
_c24 سم
650 0 7 _2qrmak
_aالاستعمار
650 0 7 _2qrmak
_aالادب العربى
_xتاريخ ونقد
942 _2ddc
_cBK
999 _c63188
_d63188